Yes! no (maybe...) / (Record no. 9571)
[ view plain ]
| 000 -LEADER | |
|---|---|
| fixed length control field | 01130nam a22002777a 4500 |
| 001 - CONTROL NUMBER | |
| control field | 9571 |
| 003 - CONTROL NUMBER IDENTIFIER | |
| control field | FISKH |
| 005 - DATE AND TIME OF LATEST TRANSACTION | |
| control field | 20260330141836.0 |
| 008 - FIXED-LENGTH DATA ELEMENTS--GENERAL INFORMATION | |
| fixed length control field | 260123b cb ||||| |||| 00| 0 eng d |
| 020 ## - INTERNATIONAL STANDARD BOOK NUMBER | |
| International Standard Book Number | 9781407193502 |
| 040 ## - CATALOGING SOURCE | |
| Original cataloging agency | FISKH |
| Language of cataloging | eng |
| Transcribing agency | FISKH |
| Modifying agency | FISKH |
| 050 ## - LIBRARY OF CONGRESS CALL NUMBER | |
| Classification number | H2015 |
| 082 ## - DEWEY DECIMAL CLASSIFICATION NUMBER | |
| Classification number | 823.92 |
| 100 ## - MAIN ENTRY--PERSONAL NAME | |
| Personal name | Pichon, Liz |
| Relator term | Author |
| 245 ## - TITLE STATEMENT | |
| Title | Yes! no (maybe...) / |
| Statement of responsibility, etc. | By Liz Pichon |
| 260 ## - PUBLICATION, DISTRIBUTION, ETC. | |
| Place of publication, distribution, etc. | Dublin : |
| Name of publisher, distributor, etc. | Scholastic Inc. , |
| Date of publication, distribution, etc. | 2015 |
| 300 ## - PHYSICAL DESCRIPTION | |
| Extent | 257 pages : |
| Other physical details | illustrations ; |
| Dimensions | 19 cm |
| 490 ## - SERIES STATEMENT | |
| Series statement | Tom gates : |
| Volume/sequential designation | 8 |
| 505 ## - FORMATTED CONTENTS NOTE | |
| Formatted contents note | P<br/> |
| 520 ## - SUMMARY, ETC. | |
| Summary, etc. | The laugh-out-loud Tom Gates is back in another brilliant instalment of Liz Pichon's bestselling illustrated series. Sometimes making up my mind isn't easy to do. Especially when my grumpy sister Delia is LOOMING over me., Mum's on a mission to TIDY UP the whole house. She says if I can't decide what to get rid of, she'll do it for me. Which would be a DISASTER! Lucky for me, The FOSSILS come to my rescue (more than once!) |
| 521 8# - TARGET AUDIENCE NOTE | |
| Target audience note | 630<br/> |
| Source | Lexile <br/> |
| 521 8# - TARGET AUDIENCE NOTE | |
| Target audience note | P<br/> |
| Source | Raz-Plus<br/> |
| 650 ## - SUBJECT ADDED ENTRY--TOPICAL TERM | |
| Topical term or geographic name entry element | Tom gates series |
| Form subdivision | Diary format |
| 942 ## - ADDED ENTRY ELEMENTS (KOHA) | |
| Source of classification or shelving scheme | Dewey Decimal Classification |
| Koha item type | Books |
| Suppress in OPAC | No |
| Withdrawn status | Lost status | Source of classification or shelving scheme | Damaged status | Not for loan | Collection | Home library | Current library | Shelving location | Date acquired | Total Checkouts | Full call number | Barcode | Date due | Date last seen | Date last checked out | Copy number | Price effective from | Koha item type |
|---|---|---|---|---|---|---|---|---|---|---|---|---|---|---|---|---|---|---|
| Dewey Decimal Classification | Juvenile Fiction | Footprints International School Library Network Toul Tom Poung Campus | Footprints International School Library Network Toul Tom Poung Campus | TTP Primary Yellow Bookshelves | 01/23/2026 | 3 | PIC 823.92 H2015 | 2026-0088 | 04/22/2026 | 04/08/2026 | 04/08/2026 | 1 | 01/23/2026 | Books |
